How climate change affects communities around the world: case of Zimbabwe

Guardado en:
Detalles Bibliográficos
Autor principal: Kadvanová, Katarína
Formato: Capítulo de libro
Lenguaje:inglés
Materias:
Etiquetas: Agregar Etiqueta
Sin Etiquetas, Sea el primero en etiquetar este registro!

MARC

LEADER 00000nla a2200000 4500
001 0228958
005 20240502073754.5
041 0 |a eng 
044 |a SK 
245 1 0 |a How climate change affects communities around the world: case of Zimbabwe  |c Katarína Kadvanová 
610 2 0 |a zmeny klimatické 
610 2 0 |a potraviny 
610 2 0 |a bezpečnosť potravinová 
610 2 0 |a poľnohospodárstvo 
610 2 0 |a situácia hospodárska 
610 2 0 |a Zimbabwe 
100 1 |a Kadvanová, Katarína